| 000 | 00658nam a2200217Ia 4500 | ||
|---|---|---|---|
| 001 | 1537 | ||
| 003 | GE_BSU | ||
| 008 | 181216s||||||||xx |||||||||||||| ||und|| | ||
| 020 | _a5090026017 | ||
| 040 | _cGE_BSU | ||
| 080 | _a821.161.1(072) | ||
| 245 | _aМежпредметные связи при изучении литературы в школе | ||
| 245 | _cПод ред.Е.Н. Колокольцева | ||
| 260 | _aМосква | ||
| 260 | _b,,Просвещение | ||
| 260 | _c1990 | ||
| 300 | _a224стр. | ||
| 541 | _h6л. | ||
| 653 | _aМежпредметные связи при изучении литературы | ||
| 942 | _cBK | ||
| 999 |
_c35664 _d35664 |
||